Sports Quiz

Random Sports or Soccer Quiz

► Athletes Hall of Fame: 'J' Quiz Stats

 Plays Quiz not verified by Sporcle

Score 0/20 Timer 05:00
0 Plays Today
% Correct
Michael Jordan - Basketball player
95.1%
LeBron James - Basketball player
91.8%
Zhang Jike - Table tennis player
91.1%
Magic Johnson - Basketball player
89.5%
Michael Johnson - Track and field athlete
88.6%
Jackie Joyner-Kersee - Track and field athlete
87.9%
Randy Johnson - Baseball player
85.9%
Angela James - Ice hockey player
85.6%
Jack Johnson - Boxer
84.6%
Jeremy Jones - Snowboarder
84.1%
% Correct
Bo Jackson - Football player
81%
Jimmie Johnson - Driver (NASCAR)
80.8%
Bobby Jones - Golfer
80.3%
Ferguson Jenkins - Baseball player
78.8%
Sonny Jurgensen - Football player
77.4%
Jaromir Jagr - Ice hockey player
76.6%
Michael Jones - Rugby player
76%
Rickey Jackson - Football player
73.6%
Rafer Johnson - Track and field athlete
60.3%
Deacon Jones - Football player
50.8%

You're not logged in!

Compare scores with friends on all Sporcle quizzes.
OR
Log In

Show Comments

Extras

Top Quizzes Today


Score Distribution

Your Account Isn't Verified!

In order to create a playlist on Sporcle, you need to verify the email address you used during registration. Go to your Sporcle Settings to finish the process.

Report this User

Report this user for behavior that violates our Community Guidelines.

Details: